Prémiování vedoucích a technických pracovníků v SSSR

Gespeichert in:
Bibliographische Detailangaben
Format: Buch
Sprache:Tschechisch
Veröffentlicht: Praha Práca 1949
Tags: Tag hinzufügen
Keine Tags, Fügen Sie das erste Tag hinzu!

MARC

LEADER 00000nam a2200000 4500
001 0307788
005 20250321103749.9
041 0 |a cze 
044 |a CZ 
245 1 0 |a Prémiování vedoucích a technických pracovníků v SSSR  |c Jan Průša 
264 1 |a Praha  |b Práca  |c 1949